000 01282nam a22003497a 4500
001 154
003 FISKH
005 20241217115252.0
008 230301b cb ||||| |||| 00| 0 eng d
020 _a9780590412001
040 _aDLC
_beng
_cDLC
_dDLC
042 _alcac
043 _ae-uk---
050 0 0 _aDA506.A2
_bF74 1977
082 0 0 _a941.07/3/0924
_aB
_a92
100 1 _aFritz, Jean.
245 1 0 _aCan't you make them behave, King George? /
_cBy Jean Fritz ; pictures by Tomie de Paola.
260 _aNew York
_bScholastic
_c1977.
300 _a45 p.
_bill. ;
_c20 cm.
520 _aA biography of George the Third, King of Great Britain at the time of the American Revolution.
521 8 _a860
_bLexile
521 8 _aQ
_bRaz-Plus
600 0 0 _aGeorge
_bIII,
_cKing of Great Britain,
_d1738-1820
_vJuvenile literature.
600 0 1 _aGeorge
_bIII,
_cKing of Great Britain
_d1738-1820.
650 1 _aKings, queens, rulers, etc.
651 0 _aGreat Britain
_xHistory
_yGeorge III, 1760-1820
_vJuvenile literature.
651 0 _aGreat Britain
_xKings and rulers
_vBiography
_vJuvenile literature.
700 1 _aDePaola, Tomie,
_d1934-2020.
710 2 _aJuvenile Collection (Library of Congress)
_5DLC
906 _a7
_bcbc
_corignew
_d1
_eocip
_f19
_gy-gencatlg
942 _2ddc
_cBK
_n0
999 _c154
_d154